Les 5 Légendes- "Gardien de..." - Statistiques

Statistiques générales
  • Ce quiz a été pris 5 fois
  • Le résultat moyen est 2 sur 6
Statistiques - réponses
Personnage Titre % Correct
Marchand de sable Gardien des rêves
100%
Lapin de Pâques Gardien de l'espoir
40%
Pitch, Croque-mitaine Gardien des cauchemars
40%
Jack Frost Gardien de l'amusement
20%
Fée des dents Gardienne de la mémoire
20%
Père Noel Gardien de l'émerveillement
0%
Aucun quiz correspondant
Distribution des résultats
% des personnes avec chaque résultat
Percentile par nombre de réponses
Votre historique - résultats
Vous n’avez pas pris ce quiz